<?xml version="1.0" encoding="UTF-8"?>
<record
    xmlns:xsi="http://www.w3.org/2001/XMLSchema-instance"
    xsi:schemaLocation="http://www.loc.gov/MARC21/slim http://www.loc.gov/standards/marcxml/schema/MARC21slim.xsd"
    xmlns="http://www.loc.gov/MARC21/slim">

  <leader>00858cam a2200265 i 4500</leader>
  <datafield tag="999" ind1=" " ind2=" ">
    <subfield code="c">22422</subfield>
    <subfield code="d">22422</subfield>
  </datafield>
  <controlfield tag="001">21434332</controlfield>
  <controlfield tag="003">OSt</controlfield>
  <controlfield tag="005">20220610091654.0</controlfield>
  <controlfield tag="008">200108s2019    pe            000 1 spa  </controlfield>
  <datafield tag="010" ind1=" " ind2=" ">
    <subfield code="a">  2020492392</subfield>
  </datafield>
  <datafield tag="020" ind1=" " ind2=" ">
    <subfield code="a">9786124416071</subfield>
  </datafield>
  <datafield tag="035" ind1=" " ind2=" ">
    <subfield code="a">(PE-LiEIC)it201600017355</subfield>
  </datafield>
  <datafield tag="040" ind1=" " ind2=" ">
    <subfield code="c">Biblioteca Municipal de Cusco</subfield>
  </datafield>
  <datafield tag="082" ind1=" " ind2=" ">
    <subfield code="a">869.56/R52C</subfield>
    <subfield code="b">R52C</subfield>
  </datafield>
  <datafield tag="100" ind1=" " ind2=" ">
    <subfield code="a">Ribeyro, Julio Ram&#xF3;n</subfield>
    <subfield code="d">1929-1994</subfield>
    <subfield code="9">48121</subfield>
  </datafield>
  <datafield tag="245" ind1=" " ind2=" ">
    <subfield code="a">Cr&#xF3;nica de San Gabriel /</subfield>
    <subfield code="c">Julio Ram&#xF3;n Ribeyro ; pr&#xF3;logo de Marco Garc&#xED;a Falc&#xF3;n</subfield>
  </datafield>
  <datafield tag="250" ind1=" " ind2=" ">
    <subfield code="a">3a ed., 1a reimpr.</subfield>
  </datafield>
  <datafield tag="264" ind1=" " ind2=" ">
    <subfield code="a">Lima :</subfield>
    <subfield code="b">Pesopluma,</subfield>
    <subfield code="c">2020.</subfield>
  </datafield>
  <datafield tag="300" ind1=" " ind2=" ">
    <subfield code="a">246, [1] p&#xE1;ginas. :</subfield>
    <subfield code="c">21 cm.</subfield>
  </datafield>
  <datafield tag="490" ind1=" " ind2=" ">
    <subfield code="a">Cris&#xE1;lida. Novela ;</subfield>
    <subfield code="v">1</subfield>
  </datafield>
  <datafield tag="650" ind1=" " ind2=" ">
    <subfield code="a">Novelas peruanas</subfield>
    <subfield code="y">Siglo XX</subfield>
    <subfield code="9">47961</subfield>
  </datafield>
  <datafield tag="700" ind1=" " ind2=" ">
    <subfield code="a">Garc&#xED;a Falc&#xF3;n, Marco</subfield>
    <subfield code="d">1970-</subfield>
    <subfield code="e">prologuista</subfield>
    <subfield code="9">48122</subfield>
  </datafield>
  <datafield tag="830" ind1=" " ind2=" ">
    <subfield code="a">Cris&#xE1;lida. Novela</subfield>
    <subfield code="9">48123</subfield>
  </datafield>
  <datafield tag="942" ind1=" " ind2=" ">
    <subfield code="2">ddc</subfield>
    <subfield code="c">LIBROS</subfield>
  </datafield>
  <datafield tag="952" ind1=" " ind2=" ">
    <subfield code="0">0</subfield>
    <subfield code="1">0</subfield>
    <subfield code="2">ddc</subfield>
    <subfield code="4">0</subfield>
    <subfield code="7">0</subfield>
    <subfield code="a">SH</subfield>
    <subfield code="b">SH</subfield>
    <subfield code="c">CART</subfield>
    <subfield code="d">2022-06-10</subfield>
    <subfield code="e">Donaci&#xF3;n</subfield>
    <subfield code="g">49.00</subfield>
    <subfield code="o">869.56/R52C</subfield>
    <subfield code="p">SH0000016291</subfield>
    <subfield code="r">2022-06-10</subfield>
    <subfield code="w">2022-06-10</subfield>
    <subfield code="y">LIBROS</subfield>
  </datafield>
  <datafield tag="952" ind1=" " ind2=" ">
    <subfield code="0">0</subfield>
    <subfield code="1">0</subfield>
    <subfield code="2">ddc</subfield>
    <subfield code="4">0</subfield>
    <subfield code="7">0</subfield>
    <subfield code="a">SH</subfield>
    <subfield code="b">SH</subfield>
    <subfield code="c">CART</subfield>
    <subfield code="d">2022-06-10</subfield>
    <subfield code="e">Donaci&#xF3;n</subfield>
    <subfield code="g">49.00</subfield>
    <subfield code="o">869.56/R52C/e.2</subfield>
    <subfield code="p">SH0000016292</subfield>
    <subfield code="r">2022-06-10</subfield>
    <subfield code="w">2022-06-10</subfield>
    <subfield code="y">LIBROS</subfield>
  </datafield>
</record>
